| 000 | 00000cas 2200000zi 4500 |
| 001 | 9.937078 |
| 003 | CaOODSP |
| 005 | 20260507153207 |
| 006 | m o d f |
| 007 | cr cn |||||||| |
| 008 | 240418c20249999oncar p o f0 b0fre|d |
| 020 | |z9780660484242 |
| 022 | |a2818-4920 |
| 040 | |aCaOODSP|bfre|erda|cCaOODSP |
| 043 | |an-cn--- |
| 086 | 1 |aHP37-45/1F-PDF|zHP40-114/2023F-PDF |
| 110 | 1 |aCanada. |bComité consultatif national de l'immunisation, |eauteur. |
| 222 | 0|aDéclaration sur la vaccination antigrippale pour la saison ... |b(Résumé) |
| 240 | 10|aDéclaration sur la vaccination antigrippale pour la saison ... (Résumé) |
| 245 | 10|aDéclaration sur la vaccination antigrippale pour la saison ... |
| 246 | 1 |iEn tête du titre : |aSommaire de la déclaration du Comité consultatif national de l'immunisation (CCNI) du ... |
| 246 | 1 |iEn tête du titre : |aRésumé de la déclaration du Comité consultatif national de l'immunisation (CCNI) |
| 264 | 1|aOttawa (Ontario) : |bAgence de la santé publique du Canada = Public Health Agency of Canada, |c2023- |
| 310 | |aAnnuel |
| 336 | |atexte|btxt|2rdacontent/fre |
| 337 | |ainformatique|bc|2rdamedia/fre |
| 338 | |aressource en ligne|bcr|2rdacarrier/fre |
| 362 | 1 |aParaît depuis : 2023/2024. |
| 500 | |aPublié aussi en anglais sous le titre : Statement on seasonal influenza vaccine for … (Summary). |
| 588 | |aDescription d'après : 2023/2024; titre de la page couverture du fichier PDF. |
| 588 | |aDernière livraison consultée : 2023/2024. |
| 650 | 6|aVaccins antigrippaux|xPolitique gouvernementale|zCanada|vPériodiques. |
| 650 | 6|aGrippe|xVaccination|zCanada|vPériodiques. |
| 655 | 7|aPériodiques|2rvmgf |
| 710 | 2 |aAgence de santé publique du Canada, |eorganisme de publication. |
| 775 | 08|tStatement on seasonal influenza vaccine for ...|w(CaOODSP)9.937075 |